<?xml version="1.0" encoding="UTF-8"?>
<record
    xmlns:xsi="http://www.w3.org/2001/XMLSchema-instance"
    xsi:schemaLocation="http://www.loc.gov/MARC21/slim http://www.loc.gov/standards/marcxml/schema/MARC21slim.xsd"
    xmlns="http://www.loc.gov/MARC21/slim">

  <leader>01522    a2200217   4500</leader>
  <controlfield tag="001">12522</controlfield>
  <controlfield tag="005">20260407155440.0</controlfield>
  <controlfield tag="008">260407a2012    arg                 spa d</controlfield>
  <controlfield tag="003">AR-UNSa-BCEJYS</controlfield>
  <datafield tag="040" ind1=" " ind2=" ">
    <subfield code="a">AR-UNSa-BCEJYS</subfield>
    <subfield code="b">spa</subfield>
    <subfield code="c">AR-UNSa-BCEJYS</subfield>
  </datafield>
  <datafield tag="080" ind1=" " ind2=" ">
    <subfield code="a">352</subfield>
    <subfield code="x">Niveles inferiores de la administraci&#xF3;n. Gobierno local. Administraci&#xF3;n municipal. Autoridades locales
</subfield>
  </datafield>
  <datafield tag="245" ind1="1" ind2="0">
    <subfield code="a">Temas de econom&#xED;a de los gobiernos municipales</subfield>
  </datafield>
  <datafield tag="020" ind1=" " ind2=" ">
    <subfield code="a">978-987-02-6003-5</subfield>
  </datafield>
  <datafield tag="264" ind1=" " ind2="1">
    <subfield code="a">Buenos Aires :</subfield>
    <subfield code="b">Dunken</subfield>
    <subfield code="c">2012</subfield>
  </datafield>
  <datafield tag="300" ind1=" " ind2=" ">
    <subfield code="a">237 p.</subfield>
    <subfield code="c">22 cm.</subfield>
  </datafield>
  <datafield tag="505" ind1=" " ind2=" ">
    <subfield code="a">1.Introducci&#xF3;n - 2. Teor&#xED;a de los gobiernos locales(subnacionales)- 3. Anatom&#xED;a del sector p&#xFA;blico argentino en el &#xFA;ltimo medio siglo - 4. Tama&#xF1;o del grupo y variables fiscales municipales - 5. Descentralizaci&#xF3;n fiscal en el nivel subnacional de gobierno - 6. La calidad de la administraci&#xF3;n tributaria como insumo de la funci&#xF3;n de producci&#xF3;n recaudatoria - 7. Riqueza inmobiliaria urbana y su distribuci&#xF3;n - 8. Pol&#xED;tica econ&#xF3;mica y resultados electores.El conflicto rural y el resultado electoral 2009 en las municipalidades de la provincia de Buenos Aires. - 9. Pol&#xED;tica econ&#xF3;mica y resultados elctorales. De la elecci&#xF3;n 2007 a las 2009 y 2011 en las municipalidades de la Provincia de Buenos Aires.   </subfield>
  </datafield>
  <datafield tag="942" ind1=" " ind2=" ">
    <subfield code="c">BK</subfield>
  </datafield>
  <datafield tag="590" ind1=" " ind2=" ">
    <subfield code="a">niveau_biblio:m niveau_hierar:0</subfield>
  </datafield>
  <datafield tag="100" ind1="1" ind2=" ">
    <subfield code="a">Porto, Alberto</subfield>
  </datafield>
  <datafield tag="856" ind1="4" ind2="1">
    <subfield code="u">https://biblioeco.unsa.edu.ar/pmb/images/libros/Temas de economia de los gobiernos municipales3-l118907.JPG</subfield>
    <subfield code="y">Imagen de portada</subfield>
    <subfield code="q">image/jpeg</subfield>
  </datafield>
  <datafield tag="999" ind1=" " ind2=" ">
    <subfield code="c">496</subfield>
    <subfield code="d">496</subfield>
  </datafield>
  <datafield tag="952" ind1=" " ind2=" ">
    <subfield code="0">0</subfield>
    <subfield code="1">0</subfield>
    <subfield code="4">0</subfield>
    <subfield code="7">0</subfield>
    <subfield code="a">BCEJYS</subfield>
    <subfield code="b">BCEJYS</subfield>
    <subfield code="c">16</subfield>
    <subfield code="d">2026-04-07</subfield>
    <subfield code="l">0</subfield>
    <subfield code="o">352 P839</subfield>
    <subfield code="p">L118907</subfield>
    <subfield code="r">2026-04-07 15:54:40</subfield>
    <subfield code="w">2026-04-07</subfield>
    <subfield code="y">L</subfield>
  </datafield>
</record>
